| 000 | 00506nam a2200193Ia 4500 | ||
|---|---|---|---|
| 005 | 20250423101128.0 | ||
| 008 | 250422s9999 xx 000 0 und d | ||
| 020 | _a9789382219156 | ||
| 050 | _aRA 425 .P37/ | ||
| 100 | _aPark, K. | ||
| 245 | 0 | _aTextbook of preventive and social medicine | |
| 250 | _a25th ed. | ||
| 260 | _aJabalpur, India | ||
| 260 | _bM/s Banarsidas Bhanot publishers | ||
| 260 | _c2019 | ||
| 300 | _a1000 p | ||
| 650 | _aMedicine, Preventive. Social medicine. | ||
| 942 | _cBK | ||
| 999 |
_c35376 _d35376 |
||